| 000 | 01092cam a2200289 a 4500 | ||
|---|---|---|---|
| 001 | 2052112 | ||
| 003 | NUST-PNEC | ||
| 005 | 20170114142505.0 | ||
| 008 | 930819s1994 maua 001 0 eng | ||
| 010 | _a 93035389 | ||
| 020 | _a0534936245 : | ||
| 040 |
_aDLC _cDLC _dDLC |
||
| 050 | 0 | 0 |
_aQA303 _b.S94 1994 |
| 082 | 0 | 0 | _a515.15 SWO |
| 100 | 1 |
_aSwokowski, Earl William, _d1926- |
|
| 245 | 1 | 0 |
_aCalculus / _cEarl W. Swokowski, Michael Olinick, Dennis Pence ; with the assistance of Jeffery A. Cole. |
| 250 | _a6th ed. | ||
| 260 |
_aBoston : _bPWS Pub. Co., _cc1994. |
||
| 300 |
_axxiv, 1279, 104 p. : _bill. (some col.) ; _c26 cm. |
||
| 500 | _aIncludes index. http://www.amazon.com/Calculus-Earl-W-Swokowski/dp/0534936245/ref=sr_1_1?s=books&ie=UTF8&qid=1398767645&sr=1-1&keywords=0534936245 | ||
| 650 | 0 |
_aCalculus. _xME, EE |
|
| 700 | 1 | _aOlinick, Michael. | |
| 700 | 1 | _aPence, Dennis. | |
| 906 |
_a7 _bcbc _corignew _d1 _eocip _f19 _gy-gencatlg |
||
| 942 |
_2ddc _cBK |
||
| 999 |
_c60030 _d60030 |
||